Lonely day - System of a down - Statistiques

Statistiques générales
  • Ce quiz a été pris 37 fois
    32 depuis la dernière actualisation
  • Le résultat moyen est 118 sur 130
Statistiques - réponses
Réponse % Correct
a
100%
day
100%
I
100%
lonely
100%
and
96%
life
96%
of
96%
the
96%
you
96%
die
92%
if
92%
loneliest
92%
my
92%
Such
92%
such
92%
with
92%
be
88%
go
88%
it's
88%
mine
88%
most
88%
should
88%
banned
85%
take
85%
wanna
85%
your
85%
hand
81%
that
81%
away
77%
walk
77%
can
73%
exist
65%
stand
65%
glad
58%
i'm
58%
survived
58%
never
54%
shouldn't
50%
miss
42%
i'll
35%
Aucun quiz correspondant
Distribution des résultats
% des personnes avec chaque résultat
Percentile par nombre de réponses
Votre historique - résultats
Vous n’avez pas pris ce quiz depuis la dernière actualisation